000 00769nam a2200253 a 4500
001 1385
003 BR-CuiBMT
005 20231206201534.0
008 231206s2015 baba 000 0 por d
020 _a854420449-x
040 _aBR-CuiBMT
_cBR-CuiBMT
080 _a347.91/.95
_x(079.1)
_22007
090 _a347.91/.95(079.1)
_bC972d
100 1 0 _aCunha, Maurício Ferreira
245 1 0 _aDireito processual civil /
_cMaurício Ferreira Cunha.
250 _a2. ed., rev., ampl. e atua.
260 _aSalvador :
_bJusPODIVM,
_c2015.
300 _a1279 p. :
_bil. ;
_c24 cm
490 1 _aRevisaço
650 _aDireito processual civil
_zBrasil
650 _aProcesso civil
_zBrasil
650 _aProcesso civil
_xProblemas, questões, exercícios
942 _2udc
_cLV
999 _c1385
_d1385